00719nam a2200229Ia 450000500170000000800410001702000180005804100120007608200170008810000210010524500790012625000120020526000670021730000220028465000330030665000270033965000350036665000270040165000150042870000210044370000250046420260429111857.0260429s9999||||xx |||||||||||||| ||und|| a9781555813642 aEnglish a616.075bDET aDetrick, Barbara 0aManual of molecular and clinical laboratory immunology / cBarbara Detrick a7th ed. aWashington : bAmerican Society for Microbiology Press,c2006. axxvi, 1340 p.; hb a Clinical laboratory science a Diagnostic immunology a Medical laboratory technology a Molecular diagnostics aImmunology a Folds, James D. a Hamilton, Robert G.